|
|
|
|
| LEADER |
00000nam0a2200000 4500 |
| 001 |
204787 |
| 005 |
20231101225233.0 |
| 029 |
1 |
0 |
|a RU
|b 52.24.643-2002
|c РД
|
| 035 |
|
|
|a (RuTPU)RU\TPU\book\223227
|
| 090 |
|
|
|a 204787
|
| 100 |
|
|
|a 20111201d2002 k a0rusy50 ca
|
| 101 |
0 |
|
|a rus
|
| 102 |
|
|
|a RU
|
| 105 |
|
|
|a y l 001zy
|
| 122 |
2 |
|
|a d2007121020
|a d2007121020
|
| 200 |
1 |
|
|a Метод комплексной оценки степени загрязненности поверхностных вод по гидрохимическим показателям
|a руководящий документ РД 52.24.643-2002
|f Российская Федерация, Федеральная служба по гидрометеорологии и мониторингу окружающей среды (Росгидромет)
|
| 205 |
|
|
|a официальное изд.
|
| 210 |
|
|
|a Ростов-на-Дону
|c Росгидромет
|d 2002
|
| 215 |
|
|
|a 47 с.
|
| 300 |
|
|
|a Введен в действие 03.12.2002 г.
|
| 606 |
1 |
|
|a Воды поверхностные
|x Контроль качества
|2 stltpush
|3 (RuTPU)RU\TPU\subj\38955
|9 59199
|
| 610 |
1 |
|
|a руководящие документы
|
| 610 |
1 |
|
|a РД 52.24.643-2002
|
| 610 |
1 |
|
|a загрязненность
|
| 610 |
1 |
|
|a оценка
|
| 610 |
1 |
|
|a гидрохимические показатели
|
| 610 |
1 |
|
|a комплексная оценка
|
| 610 |
1 |
|
|a расчеты
|
| 675 |
|
|
|a 504.4(083)
|v 3
|
| 712 |
0 |
1 |
|a Российская Федерация
|b Федеральная служба по гидрометеорологии и мониторингу окружающей среды (Росгидромет)
|c (Москва)
|c (1992- )
|2 stltpush
|3 (RuTPU)RU\TPU\col\3248
|
| 801 |
|
1 |
|a RU
|b 63413507
|c 20111201
|
| 801 |
|
2 |
|a RU
|b 63413507
|c 20221209
|g RCR
|
| 942 |
|
|
|c BK
|